000 00741nam a2200289Ia 4500
001 AUWbook002306
003 BDCtgAUW
005 20260406155155.0
008 220908s9999 xx 000 0 eng d
020 _a0936364262
040 _aBDCtgAUW
_cBDCtgAUW
100 1 _aGallagher, Marsha V.
245 0 _aKarl bodmer's eastern views :
_bjourney in north america /
260 _aOmaha :
_bJoslyn Art Museum,
_c1996.
300 _a65 pages.
650 0 _aArt
_xexhibition.
_980094
650 0 _aBodmer.
650 0 _aEast (US)
_xDescription and travel.
_980095
650 0 _akarl.
650 0 _aPainting.
650 0 _aPaintings.
887 _a BRAC
_22982
888 _22982
942 _cBK
945 _cBK
999 _c17900
_d17900